Представление документа в формате MARC21

Поле Инд. ПП Название Значение
Тип записи a
Библиографический уровень m
001 Контрольный номер RU/IS/BASE/407405887
005 Дата корректировки 20180913131825.4
020 a ISBN 978-5-8114-1276-1
040 a Служба первич. каталог. НБ ТвГУ
b Код языка каталог. rus
e Правила каталог. PSBO
041 0_ a Код языка текста rus
080 a Индекс УДК 519.83(075.8)
084 a Индекс другой классификации/Индекс ББК В183.2я73-1
090 a Полочн. индекс В183.2
x Авторский знак К 61
100 1_ a Автор Колокольцов Василий Никитич
q Полное имя Колокольцов В. Н.
245 10 a Заглавие Математическое моделирование многоагентных систем конкуренции и кооперации (теория игр для всех)
b Продолж. заглавия учебное пособие
246 _0 a Другая форма заглавия Теория игр для всех
260 a Место издания Санкт-Петербург
a Место издания Москва
a Место издания Краснодар
b Издательство Лань
c Дата издания 2012
300 a Объем 622 с.
b Иллюстрации/ тип воспроизводства ил., табл.
440 _0 a Серия Учебники для вузов
440 _0 a Серия Специальная литература
504 a Библиография Библиогр.: с. 603-616 (226 назв.)
504 a Библиография Предм. указ.: с. 617-618
520 0_ a Аннотация Первая часть книги является элементарным введением в математическую теорию игр (теорию процессов конкуренции и кооперации) с подробным рассмотрением большого числа примеров. Вторая часть содержит формализованное изложение некоторых результатов теории, некоторые из них являются новыми. Книга предназначена для студентов, аспирантов и научных работников, специализирующихся в области теории игр, исследования операций, математической экономики, кибернетики, теории управления и их приложений, а также для широкого круга читателей, интересующихся теоретико-игровой проблематикой в популярном ее представлении.
653 0_ a Ключевые слова Игры (мат.)
a Ключевые слова Исследование операций
a Ключевые слова Конкуренция
a Ключевые слова Кооперация
a Ключевые слова Математика
a Ключевые слова Математическое моделирование
a Ключевые слова Многоагентные системы
a Ключевые слова Моделирование
a Ключевые слова Теория игр
a Ключевые слова Учебники для вузов
700 12 a Другие авторы Малафеев Олег Алексеевич
q Полное имя Малафеев О. А.
901 t Тип документа m
920 a Оператор Конд
a Оператор Густ
a Оператор Стро
a Оператор Семен
930 a Новая/Ретро учебники
952 c Вид литературы К ру
954 a Дата поступления на обработку 20131106
c Дата окончания ОНО 20180913
b Дата поступления в ОК 20180906